000
00286nam a22001337a 4500
008
171102b xxu||||| |||| 00| 0 eng d
020
_a
0879674768
041
_a
eng
080
_a
530.14
100
_a
59
101
_a
KAP
245
_a
THE SUPPLY SIDE
_c
SWARTZ,TH.R
942
_2
udc
_c
BK
999
_c
37192
_d
37192